[Event "Lichtenrader Herbst 2007"]
[Site "?"]
[Date "2007.10.17"]
[Round "4.1"]
[White "Lagunow, Alexander"]
[Black "Günther, Thomas"]
[Result "1-0"]
[WhiteElo "2438"]
[BlackElo "2164"]
[PlyCount "135"]
[EventDate "2007.??.??"]

1. e4 c5 2. Nf3 Nc6 3. d4 cxd4 4. Nxd4 Nf6 5. Nc3 d6 6. Bc4 e6 7. Be3 a6 8. Bb3
Qc7 9. O-O Be7 10. f4 O-O 11. f5 Nxd4 12. Bxd4 b5 13. a3 e5 14. Be3 Bb7 15. Qe2
Rac8 16. Bg5 Rfe8 17. Bxf6 Bxf6 18. Rf2 Bg5 19. Rd1 Red8 20. Bd5 Kh8 21. Bxb7
Qxb7 22. Nd5 f6 23. c3 Qa7 24. Kf1 Qc5 25. Rf3 Rd7 26. Rfd3 Rc6 27. Qh5 Rc8 28.
h4 Bh6 29. Nxf6 gxf6 30. Qxh6 Qc4 31. Qxf6+ Rg7 32. Kg1 Qxe4 33. Rg3 Rcg8 34.
Rf1 Qb7 35. Rxg7 Qxg7 36. Qxg7+ Kxg7 37. g4 Kf7 38. g5 h6 39. g6+ Kf6 40. h5 d5
41. Kh2 a5 42. Rf2 a4 43. Kg1 Rc8 44. Kf1 Rc4 45. Ke1 Rc7 46. Kd2 Rc4 47. Kc2
Rc7 48. Rf1 Rd7 49. b3 Rc7 50. Kb2 Rd7 51. bxa4 bxa4 52. Kc2 Re7 53. Kd3 Rb7
54. c4 Rb3+ 55. Kd2 dxc4 56. Rg1 Rb7 57. Kc3 Rg7 58. Kxc4 Kxf5 59. Kd5 e4 60.
Rf1+ Kg5 61. Ke6 e3 62. Rf5+ Kg4 63. Re5 Kf4 64. Kf6 Ra7 65. Re8 Ra6+ 66. Kf7
Ra5 67. g7 Rf5+ 68. Kg6 1-0

[Event "Lichtenrader Herbst 2007"]
[Site "?"]
[Date "2007.10.17"]
[Round "4.2"]
[White "Battaglini, Gabriel"]
[Black "Issel, Oliver"]
[Result "1-0"]
[WhiteElo "2295"]
[BlackElo "2113"]
[PlyCount "183"]
[EventDate "2007.??.??"]

1. d4 e6 2. c4 Nf6 3. Nc3 Bb4 4. Nf3 O-O 5. g3 b6 6. Bg2 Bb7 7. O-O Bxc3 8.
bxc3 d6 9. Bg5 Nbd7 10. d5 h6 11. Bxf6 Qxf6 12. Nd4 Nc5 13. Nb5 Qe7 14. e4 e5
15. Qh5 a6 16. Na3 Qe8 17. Nc2 f5 18. Qxe8 Raxe8 19. exf5 Rxf5 20. Bh3 Rf3 21.
Ne3 Bc8 22. Bg2 Rf6 23. Rfe1 Bd7 24. f3 Ref8 25. Nf1 Bf5 26. Nd2 Na4 27. Re3
Nc5 28. Bf1 Bg6 29. Be2 Bh5 30. Rf1 Bg6 31. Kg2 Kh7 32. Nb3 Nd7 33. Rf2 Nc5 34.
Bf1 Rb8 35. Rb2 Na4 36. Rf2 Nc5 37. Nd2 Rbf8 38. Nb3 Rb8 39. h3 a5 40. Rb2 Na4
41. Rf2 Rf7 42. h4 h5 43. Kg1 Rf6 44. Nd2 Nc5 45. Be2 Kh6 46. Kf1 Bc2 47. Ke1
Rbf8 48. Rg2 R6f7 49. Nf1 g6 50. Kd2 Bb1 51. a3 Bf5 52. Kc1 Bh3 53. Rg1 Bxf1
54. Rxf1 Rf6 55. Kc2 R6f7 56. Rg1 Rf6 57. Rg2 R8f7 58. Bd1 Rf8 59. Re1 g5 60.
hxg5+ Kxg5 61. Rh1 Rh8 62. Rgh2 Rfh6 63. Rh4 Kg6 64. f4 Nd7 65. Kb3 Nc5+ 66.
Ka2 Nd7 67. Bc2+ Kg7 68. Bf5 Nf6 69. Kb3 exf4 70. gxf4 Ng4 71. Bxg4 hxg4 72.
Rxg4+ Kf6 73. Rxh6+ Rxh6 74. Rg8 Ke7 75. Rg7+ Kd8 76. f5 Rf6 77. Rg5 Rf7 78.
Ka4 Kc8 79. Kb5 Kb7 80. c5 dxc5 81. Kc4 Kc8 82. Kb5 Kb7 83. a4 Kc8 84. d6 Kd7
85. dxc7 Kxc7 86. Rg6 Rxf5 87. Rc6+ Kb7 88. Rxb6+ Ka7 89. Ra6+ Kb7 90. Rxa5 c4+
91. Kb4 Rf1 92. Rb5+ 1-0

[Event "Lichtenrader Herbst 2007"]
[Site "?"]
[Date "2007.10.17"]
[Round "4.3"]
[White "Cusnariov, Nicolai"]
[Black "Giemsa, Stephan"]
[Result "0-1"]
[WhiteElo "2158"]
[BlackElo "2284"]
[PlyCount "72"]
[EventDate "2007.??.??"]

1. d4 Nf6 2. c4 g6 3. Nc3 d5 4. cxd5 Nxd5 5. e3 Bg7 6. Bc4 Nb6 7. Bb3 O-O 8.
Nf3 c5 9. dxc5 Qxd1+ 10. Kxd1 N6d7 11. Nd5 Nc6 12. Ba4 e6 13. Bxc6 bxc6 14.
Ne7+ Kh8 15. Nxc8 Rfxc8 16. Ng5 Kg8 17. Ne4 Rd8 18. Kc2 f5 19. Nc3 Nxc5 20. Rd1
Bxc3 21. Rxd8+ Rxd8 22. bxc3 Nd3 23. Ba3 Nxf2 24. Rb1 Ne4 25. Bc1 Rd7 26. c4
Kf7 27. Rb8 g5 28. Rc8 c5 29. a4 Kg6 30. Rc6 Kf7 31. a5 h5 32. a6 h4 33. h3 g4
34. hxg4 fxg4 35. Rc8 h3 36. gxh3 g3 0-1

[Event "Lichtenrader Herbst 2007"]
[Site "?"]
[Date "2007.10.17"]
[Round "4.5"]
[White "Glantz, Robert"]
[Black "Anibar, Ahmed"]
[Result "1/2-1/2"]
[WhiteElo "2018"]
[BlackElo "2195"]
[PlyCount "53"]
[EventDate "2007.??.??"]

1. e4 c5 2. Nf3 Nc6 3. Bb5 Na5 4. c3 a6 5. Ba4 b5 6. Bc2 e6 7. O-O Nf6 8. e5
Nd5 9. d4 cxd4 10. cxd4 Be7 11. Nc3 Nxc3 12. bxc3 Bb7 13. a4 Rc8 14. axb5 axb5
15. Bd3 Rxc3 16. Bxb5 Nb3 17. Rb1 Bxf3 18. gxf3 Rxc1 19. Qxb3 Rxf1+ 20. Kxf1
O-O 21. d5 exd5 22. Qxd5 d6 23. exd6 Qxd6 24. Qxd6 Bxd6 25. h3 Rb8 26. Bd3
Rxb1+ 27. Bxb1 1/2-1/2

[Event "Lichtenrader Herbst 2007"]
[Site "?"]
[Date "2007.10.17"]
[Round "4.6"]
[White "Korneev, Oleg"]
[Black "Jahnz, Fabian"]
[Result "1-0"]
[WhiteElo "2587"]
[BlackElo "2193"]
[PlyCount "141"]
[EventDate "2007.??.??"]

1. e4 c5 2. Nf3 e6 3. d4 cxd4 4. Nxd4 Nc6 5. Nc3 Qc7 6. Be3 a6 7. Qd2 Nf6 8.
O-O-O b5 9. Bf4 Qb6 10. Nxc6 Qxc6 11. f3 Bb4 12. Be5 Bb7 13. Qg5 Be7 14. Qxg7
Rg8 15. Qh6 b4 16. Bxf6 Rg6 17. Qe3 Bxf6 18. Nd5 Be7 19. Nxe7 Kxe7 20. Rd2 Rc8
21. Bd3 Qc5 22. Qxc5+ Rxc5 23. Rhd1 Rg8 24. b3 d5 25. e5 h6 26. f4 a5 27. Rf2
Bc6 28. f5 exf5 29. Bxf5 d4 30. g4 Rd8 31. Rf4 Rxe5 32. Rfxd4 Rxd4 33. Rxd4
Re1+ 34. Kb2 Re2 35. h4 Re5 36. h5 Bf3 37. a3 Rb5 38. axb4 axb4 39. Kc1 Bg2 40.
Kd2 Kf6 41. Ke3 Ke5 42. Bd3 Rb6 43. g5 hxg5 44. Rg4 Bh3 45. Rxg5+ f5 46. Rg8
Rh6 47. Re8+ Kf6 48. Rb8 Rxh5 49. Rxb4 Bg2 50. Rb6+ Ke5 51. Rb5+ Kf6 52. Kf2
Ba8 53. b4 Rh2+ 54. Kg3 Rg2+ 55. Kh3 Rf2 56. Rb8 Bd5 57. Kg3 Rf3+ 58. Kh2 Ke5
59. b5 f4 60. b6 Rf2+ 61. Kg1 Rg2+ 62. Kf1 Rg7 63. Ba6 Ke4 64. c4 Bc6 65. Rc8
Bb7 66. Bxb7+ Rxb7 67. c5 Kf3 68. Rc7 Rb8 69. b7 Rh8 70. Ke1 Ke3 71. Re7+ 1-0

[Event "Lichtenrader Herbst 2007"]
[Site "?"]
[Date "2007.10.17"]
[Round "4.7"]
[White "Gebigke, Martin"]
[Black "Rabiega, Robert"]
[Result "0-1"]
[WhiteElo "2181"]
[BlackElo "2545"]
[PlyCount "56"]
[EventDate "2007.??.??"]

1. d4 d5 2. c4 e6 3. Nf3 Nf6 4. g3 dxc4 5. Bg2 Nc6 6. O-O Rb8 7. Nc3 a6 8. e4
Be7 9. d5 Nb4 10. Qe2 Nd3 11. Be3 exd5 12. exd5 O-O 13. b3 b5 14. Nd4 Bg4 15.
Qd2 Bd7 16. Rab1 b4 17. Nce2 Ne5 18. bxc4 Nxc4 19. Qc1 Nxe3 20. fxe3 Bd6 21.
Qd2 Re8 22. Qd3 Qe7 23. Qxa6 Qxe3+ 24. Kh1 Ng4 25. Rf3 Qh6 26. h4 Ne5 27. Nf5
Qg6 28. Nxd6 Nxf3 0-1

[Event "Lichtenrader Herbst 2007"]
[Site "?"]
[Date "2007.10.17"]
[Round "4.8"]
[White "Lüders, Gerhard"]
[Black "Hein, Carsten"]
[Result "0-1"]
[WhiteElo "2282"]
[BlackElo "2133"]
[PlyCount "120"]
[EventDate "2007.??.??"]

1. d4 Nf6 2. c4 g6 3. Nc3 d5 4. cxd5 Nxd5 5. e4 Nxc3 6. bxc3 Bg7 7. Bc4 c5 8.
Ne2 O-O 9. O-O Nc6 10. Be3 Bg4 11. f3 Na5 12. Bd3 cxd4 13. cxd4 Bd7 14. Rb1 b6
15. Qd2 Rc8 16. Rfc1 Re8 17. Ba6 Rxc1+ 18. Qxc1 Bc8 19. Bd3 Qd6 20. e5 Qb8 21.
Qa3 Be6 22. Qa4 Rd8 23. Bd2 Nb7 24. Bf4 Na5 25. Rc1 Rc8 26. Rb1 Qa8 27. Ba6 Rd8
28. Rc1 Qd5 29. Rc7 f6 30. Rxe7 fxe5 31. Re8+ Kf7 32. Rxd8 Qxd8 33. dxe5 Qc7
34. Qe4 Qc5+ 35. Nd4 Nc6 36. Be3 Nxd4 37. Bxd4 Qc1+ 38. Kf2 Qd2+ 39. Kg3 Qg5+
40. Kf2 Qd2+ 41. Be2 Qxa2 42. Qb7+ Kg8 43. Qb8+ Bf8 44. Qc7 Qd5 45. Be3 Bc5 46.
Qb8+ Kg7 47. Qxa7+ Bd7 48. Qa1 Be6 49. Qc3 g5 50. Bxc5 bxc5 51. Qe3 h6 52. Bd3
Qa2+ 53. Qe2 Qa7 54. Kg3 c4 55. Bc2 h5 56. h4 gxh4+ 57. Kxh4 Qg1 58. g3 Qh1+
59. Kg5 Qc1+ 60. f4 Qa3 0-1

[Event "Lichtenrader Herbst 2007"]
[Site "?"]
[Date "2007.10.17"]
[Round "4.9"]
[White "Marcziter, Dmitrii"]
[Black "Burger, Heinrich"]
[Result "1-0"]
[WhiteElo "2249"]
[BlackElo "2092"]
[PlyCount "99"]
[EventDate "2007.??.??"]

1. Nf3 Nf6 2. c4 b6 3. Nc3 Bb7 4. d4 d5 5. cxd5 Nxd5 6. a3 Nxc3 7. bxc3 Nd7 8.
Bg5 g6 9. Qc2 Bg7 10. e4 O-O 11. Bd3 c5 12. O-O Rc8 13. Qe2 Re8 14. e5 f6 15.
Bf4 Bxf3 16. Qxf3 cxd4 17. exf6 Nxf6 18. cxd4 Qxd4 19. Rad1 e5 20. Be3 Qa4 21.
Qb7 e4 22. Be2 Rc2 23. Rd4 Qxa3 24. Bc4+ Kh8 25. Bb5 Rec8 26. Ra4 Qb2 27. Rxa7
R2c7 28. Qa6 Qe5 29. Rxc7 Rxc7 30. Bxb6 Rf7 31. h3 h5 32. Rd1 Rf8 33. Bd4 Qf5
34. Bc4 Ne8 35. Qa7 Bxd4 36. Qxd4+ Kh7 37. Ra1 Nf6 38. Ra7+ Kh6 39. Qd6 Ng8 40.
Qd4 Qf4 41. g3 Qc1+ 42. Kg2 Nf6 43. h4 Qe1 44. Qd6 Nd7 45. Qd4 Ne5 46. Ra1 Qb4
47. Qe3+ Kg7 48. Ra7+ Nf7 49. Qxe4 Qc5 50. Rb7 1-0

[Event "Lichtenrader Herbst 2007"]
[Site "?"]
[Date "2007.10.17"]
[Round "4.10"]
[White "von Wantoch Rekowski, Danij"]
[Black "Dimitrijeski, Kristian"]
[Result "1/2-1/2"]
[WhiteElo "2242"]
[BlackElo "2108"]
[PlyCount "70"]
[EventDate "2007.??.??"]

1. e4 c6 2. d4 d5 3. e5 Bf5 4. Nf3 e6 5. Be2 Ne7 6. O-O Bg6 7. b3 Nf5 8. c4 Be7
9. Na3 O-O 10. Nc2 c5 11. dxc5 dxc4 12. b4 a5 13. Bxc4 axb4 14. Nxb4 Bxc5 15.
Nd3 Be7 16. Nf4 Nc6 17. Nxg6 hxg6 18. Qe2 Qc7 19. Bb2 Ba3 20. Bd3 Bxb2 21. Qxb2
Rfd8 22. Be4 Ra4 23. Qc2 Qa5 24. Bxc6 bxc6 25. Qxc6 Rxa2 26. Rad1 Ne7 27. Rxd8+
Qxd8 28. Qc4 Ra7 29. Qh4 Rd7 30. Ng5 Nf5 31. Qh7+ Kf8 32. Qh8+ Ke7 33. Qxd8+
Rxd8 34. Ne4 Rd5 35. f4 f6 1/2-1/2

[Event "Lichtenrader Herbst 2007"]
[Site "?"]
[Date "2007.10.17"]
[Round "4.11"]
[White "Poppner, Dietmar"]
[Black "Behrmann, Joachim"]
[Result "1/2-1/2"]
[WhiteElo "2112"]
[BlackElo "2212"]
[PlyCount "34"]
[EventDate "2007.??.??"]

1. f4 d5 2. Nf3 g6 3. c4 d4 4. e4 dxe3 5. d4 c5 6. Nc3 Bg7 7. Bxe3 Nh6 8. d5
Nd7 9. Qd2 Nf5 10. Bf2 h5 11. g3 b6 12. Bg2 Ba6 13. Nb5 Nd6 14. Qe2 Nxb5 15.
cxb5 Bb7 16. Rd1 O-O 17. O-O a6 1/2-1/2

[Event "Lichtenrader Herbst 2007"]
[Site "?"]
[Date "2007.10.17"]
[Round "4.12"]
[White "Fuchs, Raimond"]
[Black "Figura, Atila Gajo"]
[Result "0-1"]
[WhiteElo "1930"]
[BlackElo "2413"]
[PlyCount "86"]
[EventDate "2007.??.??"]

1. e4 c5 2. Nf3 e6 3. d4 cxd4 4. Nxd4 a6 5. Bd3 Nf6 6. O-O Qc7 7. Qe2 Bc5 8.
Nb3 Ba7 9. Nc3 Nc6 10. Be3 d6 11. Bxa7 Rxa7 12. a4 b6 13. Rfd1 O-O 14. Qe3 e5
15. Be2 Be6 16. Rac1 Qb8 17. Nd5 Bxd5 18. exd5 Ne7 19. c4 a5 20. Bd3 Ng6 21.
Nd2 Nd7 22. b3 f5 23. f3 Qd8 24. g4 fxg4 25. Bxg6 hxg6 26. fxg4 Rf4 27. h3 Qg5
28. Qg3 e4 29. Rc3 Nc5 30. Re3 Qe5 31. Rde1 Raf7 32. R1e2 g5 33. Qg2 Qd4 34.
Kh1 Nd3 35. Nxe4 Rf1+ 36. Kh2 Ne5 37. Nd2 Qf4+ 38. Rg3 Rd1 39. Ne4 Rd3 40. Kh1
Rd1+ 41. Kh2 Rd3 42. Kh1 Qc1+ 43. Kh2 Rxg3 0-1

[Event "Lichtenrader Herbst 2007"]
[Site "?"]
[Date "2007.10.17"]
[Round "4.13"]
[White "Wendt, Jan-Dietrich"]
[Black "Jaeger, Andre"]
[Result "1-0"]
[WhiteElo "2364"]
[BlackElo "2050"]
[PlyCount "55"]
[EventDate "2007.??.??"]

1. d4 Nf6 2. c4 g6 3. Nc3 Bg7 4. e4 d6 5. f4 c5 6. dxc5 Qa5 7. Bd3 Qxc5 8. Nf3
Nc6 9. Qe2 O-O 10. Be3 Qa5 11. O-O Ng4 12. Bd2 Qb6+ 13. Kh1 Qxb2 14. Rab1 Qa3
15. Rb3 Qa5 16. Bb1 Qh5 17. h3 Nd4 18. Nxd4 Bxd4 19. Nd5 Be6 20. Nxe7+ Kh8 21.
f5 Bxc4 22. Qxc4 Nf2+ 23. Rxf2 Bxf2 24. Rf3 Qh4 25. Bc3+ f6 26. Qe6 Kg7 27.
fxg6 hxg6 28. Nd5 1-0

[Event "Lichtenrader Herbst 2007"]
[Site "?"]
[Date "2007.10.17"]
[Round "4.14"]
[White "Steinert, Christian"]
[Black "Rahls, Peter"]
[Result "0-1"]
[WhiteElo "2026"]
[BlackElo "2258"]
[PlyCount "106"]
[EventDate "2007.??.??"]

1. e4 c5 2. c3 e6 3. d4 d5 4. e5 Nc6 5. Nf3 Nge7 6. Bd3 cxd4 7. cxd4 Nf5 8.
Bxf5 exf5 9. O-O Be7 10. Nc3 Be6 11. Qe2 O-O 12. Bf4 g5 13. Bc1 g4 14. Ne1 Nxd4
15. Qd2 Nc6 16. Nd3 Kh8 17. Ne2 Rg8 18. b3 a5 19. Bb2 Qb6 20. Ndf4 Bg5 21. Nd4
Ne7 22. g3 Nc6 23. Rfd1 a4 24. Qd3 Bxf4 25. gxf4 Ne7 26. a3 axb3 27. Qxb3 Qxb3
28. Nxb3 Ng6 29. Bc1 Rgc8 30. Nd4 Ra4 31. Be3 Nh4 32. Rab1 Rc2 33. Kf1 h5 34.
Rdc1 Rxc1+ 35. Rxc1 Rxa3 36. Nxe6 fxe6 37. Rc8+ Kg7 38. Rc7+ Kh6 39. Bc5 Ra1+
40. Ke2 Ng6 41. Kd2 Ra4 42. Rxb7 Rc4 43. Rc7 h4 44. Kd1 Nxf4 45. Bf8+ Kg5 46.
Rh7 Nd3 47. Be7+ Kf4 48. Bxh4 Kxe5 49. Rh6 Rc6 50. Kd2 Ke4 51. h3 Ne5 52. hxg4
Nxg4 53. Rg6 Ra6 0-1

[Event "Lichtenrader Herbst 2007"]
[Site "?"]
[Date "2007.10.17"]
[Round "4.15"]
[White "Schildt, Rene"]
[Black "Prudlo, Simon"]
[Result "0-1"]
[WhiteElo "2001"]
[BlackElo "2245"]
[PlyCount "48"]
[EventDate "2007.??.??"]

1. e4 e6 2. d4 d5 3. Nc3 Nf6 4. Bg5 Be7 5. e5 Nfd7 6. Bxe7 Qxe7 7. f4 a6 8. Nf3
c5 9. dxc5 Qxc5 10. Qd4 Nc6 11. Qxc5 Nxc5 12. a3 Bd7 13. b4 Ne4 14. Nxe4 dxe4
15. Ng5 e3 16. Ne4 Nd4 17. Nd6+ Ke7 18. O-O-O e2 19. Rxd4 e1=Q+ 20. Kb2 Bc6 21.
Rd3 g5 22. f5 Qxe5+ 23. c3 Qxd6 24. f6+ Kd7 0-1

[Event "Lichtenrader Herbst 2007"]
[Site "?"]
[Date "2007.10.17"]
[Round "4.16"]
[White "Wege, Hermann"]
[Black "Heuer, Thomas"]
[Result "0-1"]
[WhiteElo "1991"]
[BlackElo "2188"]
[PlyCount "57"]
[EventDate "2007.??.??"]

1. c4 e6 2. Nf3 d5 3. g3 Nf6 4. Bg2 c5 5. O-O Nc6 6. b3 Be7 7. Bb2 d4 8. d3 O-O
9. e4 e5 10. h3 Ne8 11. Ne1 Nd6 12. Bc1 f5 13. f4 Bf6 14. Nd2 Qe7 15. exf5 Nxf5
16. Ne4 exf4 17. Nxf6+ Rxf6 18. Bxf4 Ne3 19. Bxe3 dxe3 20. Rxf6 Qxf6 21. Nf3 e2
22. Qe1 Bxh3 23. Bxh3 Qxf3 24. Be6+ Kh8 25. Qf2 Qxf2+ 26. Kxf2 Rf8+ 27. Kxe2
Re8 28. Rf1 Rxe6+ 29. Kd2 0-1

[Event "Lichtenrader Herbst 2007"]
[Site "?"]
[Date "2007.10.17"]
[Round "4.17"]
[White "Vandré, Wolfgang"]
[Black "Svane, Rasmus"]
[Result "1-0"]
[WhiteElo "2172"]
[BlackElo "1981"]
[PlyCount "79"]
[EventDate "2007.??.??"]

1. d4 Nf6 2. c4 g6 3. Nc3 d5 4. cxd5 Nxd5 5. e4 Nxc3 6. bxc3 Bg7 7. Bc4 O-O 8.
Ne2 c5 9. O-O Nc6 10. Be3 cxd4 11. cxd4 Bg4 12. f3 Na5 13. Bd3 Be6 14. d5 Bxa1
15. Qxa1 f6 16. Rb1 Qd6 17. Qc3 b6 18. dxe6 Qxe6 19. Qa3 Qd6 20. Qxd6 exd6 21.
Ba6 d5 22. exd5 Rfe8 23. Kf2 Re5 24. Nc3 Kf7 25. Bd4 Re7 26. Ne4 f5 27. Ng5+
Kg8 28. Rd1 Rc7 29. d6 Rc2+ 30. Kg3 f4+ 31. Kh3 Kf8 32. Nxh7+ Ke8 33. Nf6+ Kf7
34. Ne4 Nc6 35. Ng5+ Ke8 36. Bf6 Kd7 37. Bd3 Rxa2 38. Bc4 Ra5 39. Be6+ Ke8 40.
d7+ 1-0

[Event "Lichtenrader Herbst 2007"]
[Site "?"]
[Date "2007.10.17"]
[Round "4.18"]
[White "Rehder, Frank"]
[Black "Schalla, Dieter"]
[Result "0-1"]
[WhiteElo "1947"]
[BlackElo "2154"]
[PlyCount "70"]
[EventDate "2007.??.??"]

1. d4 g6 2. c4 Bg7 3. Nc3 d6 4. e4 Nd7 5. Be2 e5 6. Nf3 Ne7 7. O-O O-O 8. d5 f5
9. exf5 gxf5 10. Ne1 Ng6 11. f4 Qe7 12. Nd3 Nf6 13. fxe5 dxe5 14. Be3 b6 15.
Kh1 f4 16. Bg1 Bf5 17. Qd2 Rad8 18. Rae1 Rfe8 19. a3 Bh6 20. Qd1 Qg7 21. g4 Bc8
22. Nf2 e4 23. c5 bxc5 24. h3 e3 25. Nd3 Nxd5 26. Qb3 Be6 27. Nxc5 Bf7 28. Bc4
c6 29. N3e4 Ne5 30. g5 Bxg5 31. Nxg5 Qxg5 32. Re2 Qf5 33. Bxe3 Nxc4 34. Bxf4
Rxe2 35. Rg1+ Bg6 0-1

[Event "Lichtenrader Herbst 2007"]
[Site "?"]
[Date "2007.10.17"]
[Round "4.19"]
[White "Maahs, Erich"]
[Black "Röblitz, Peter"]
[Result "1-0"]
[WhiteElo "2152"]
[BlackElo "1962"]
[PlyCount "95"]
[EventDate "2007.??.??"]

1. e4 c5 2. Nc3 Nc6 3. Nf3 d6 4. d4 cxd4 5. Nxd4 g6 6. Be3 Nf6 7. f3 Bg7 8. Qd2
Bd7 9. g4 Nxd4 10. Bxd4 Qa5 11. a3 Kf8 12. h4 h5 13. g5 Ne8 14. f4 Bc6 15. Bh3
e5 16. fxe5 Bxe5 17. Bxe5 Qxe5 18. O-O-O a5 19. Rhf1 b5 20. Nd5 b4 21. a4 b3
22. cxb3 Ra7 23. Qc2 Bxd5 24. Rxd5 Qg3 25. Rd3 Qxh4 26. Qg2 Re7 27. Re3 Kg8 28.
Kb1 Kh7 29. Ka2 Re5 30. Ref3 Qxg5 31. Rxf7+ Ng7 32. Qxg5 Rxg5 33. Rd7 Kh6 34.
Rxd6 Rg3 35. Bd7 Rd8 36. e5 h4 37. Rh1 Kh5 38. Rd5 Rg5 39. Bg4+ Kxg4 40. Rxd8
Rxe5 41. Rd4+ Kf5 42. Rdxh4 g5 43. Rf1+ Kg6 44. Rc4 Nf5 45. b4 Ne3 46. Rc6+ Kg7
47. Rc5 Rxc5 48. bxc5 1-0

[Event "Lichtenrader Herbst 2007"]
[Site "?"]
[Date "2007.10.17"]
[Round "4.20"]
[White "Stielau, Jens-Uwe"]
[Black "Stippekohl, Peter"]
[Result "1/2-1/2"]
[WhiteElo "1935"]
[BlackElo "2143"]
[PlyCount "51"]
[EventDate "2007.??.??"]

1. d4 d6 2. Nf3 Nf6 3. Nc3 Bg4 4. e4 e6 5. Qd3 c6 6. Be2 Nbd7 7. Be3 Be7 8. Nd2
d5 9. f3 Bh5 10. Nd1 Bg6 11. c4 a6 12. Qb3 $11 Qb6 13. cxd5 cxd5 14. e5 Ng8 15.
Qxb6 Nxb6 16. Rc1 Rc8 17. Rxc8+ Nxc8 18. Kf2 Bd8 19. Nb3 Bb6 20. Nc3 Bc2 21.
Na1 Bg6 22. Na4 Nge7 23. Rc1 Kd7 24. Nb3 Nc6 25. Nxb6+ Nxb6 26. Nc5+ 1/2-1/2

[Event "Lichtenrader Herbst 2007"]
[Site "?"]
[Date "2007.10.18"]
[Round "5.1"]
[White "Giemsa, Stephan"]
[Black "Lagunow, Alexander"]
[Result "1/2-1/2"]
[WhiteElo "2284"]
[BlackElo "2438"]
[PlyCount "142"]
[EventDate "2007.??.??"]

1. d4 Nf6 2. c4 e6 3. Nf3 d5 4. g3 Bb4+ 5. Bd2 a5 6. Bg2 Nc6 7. Qc2 dxc4 8.
Qxc4 Qd5 9. Qd3 Qe4 10. Qxe4 Nxe4 11. Bxb4 axb4 12. Nbd2 Nd6 13. O-O Ke7 14.
Rfc1 f6 15. e3 Bd7 16. Ne1 Rhc8 17. Nd3 e5 18. d5 Nd8 19. Nxb4 f5 20. Rc2 N8f7
21. Rac1 Kd8 22. a3 e4 23. f3 exf3 24. Nxf3 Ba4 25. Rd2 Ne4 26. Rd4 Nfd6 27.
Nd2 Nxd2 28. Rxd2 Ke7 29. Nd3 Kd8 30. Nc5 Bd7 31. e4 fxe4 32. Nxd7 Kxd7 33.
Bh3+ Ke7 34. Bxc8 Rxc8 35. Rdc2 Kd7 36. g4 Ne8 37. Rc4 Nd6 38. R4c3 Nb5 39. Re3
Re8 40. Rc4 Nd6 41. Rd4 h5 42. h3 h4 43. Kf2 Rf8+ 44. Ke2 Rf4 45. a4 Rf8 46. b3
Ke7 47. Rc3 Kd7 48. Rd1 Re8 49. Rdc1 Rc8 50. Ke3 c6 51. dxc6+ bxc6 52. R1c2 Rb8
53. Kf4 Ke6 54. Ke3 c5 55. Rxc5 Rxb3+ 56. R2c3 Rb4 57. a5 Ra4 58. Kf4 Kf6 59.
Rc6 g5+ 60. Ke3 Ke6 61. a6 Ra5 62. R6c5 Rxa6 63. Rxg5 Ra2 64. Rh5 Rg2 65. Rxh4
Rg3+ 66. Kd2 Rg2+ 67. Ke1 Kd5 68. Kf1 Rh2 69. Kg1 Rb2 70. Rc1 Nc4 71. Rd1+ Ke5
1/2-1/2

[Event "Lichtenrader Herbst 2007"]
[Site "?"]
[Date "2007.10.18"]
[Round "5.2"]
[White "Rabiega, Robert"]
[Black "Battaglini, Gabriel"]
[Result "1-0"]
[WhiteElo "2545"]
[BlackElo "2295"]
[PlyCount "91"]
[EventDate "2007.??.??"]

1. e4 c6 2. d4 d5 3. e5 c5 4. Nf3 Nc6 5. c4 cxd4 6. Nxd4 e6 7. Nc3 Bc5 8. Nxc6
bxc6 9. Qg4 Kf8 10. Bd3 f5 11. Qg3 Ba6 12. cxd5 Bxd3 13. Qxd3 cxd5 14. O-O Ne7
15. Bg5 h6 16. Bxe7+ Bxe7 17. Nb5 Kf7 18. Rac1 Rc8 19. Nxa7 Rxc1 20. Rxc1 Qb6
21. Nb5 Qa5 22. g4 Rb8 23. Nd4 Bg5 24. Rc3 Rf8 25. gxf5 exf5 26. Nxf5 Kg8 27.
h4 Bd8 28. e6 Qa7 29. Qxd5 Be7 30. Rg3 Kh8 31. Rg2 Rd8 32. Qb3 Rb8 33. Qg3 Bf6
34. Qg6 Qc5 35. e7 Qc1+ 36. Kh2 Qf4+ 37. Kh3 Qf3+ 38. Kh2 Be5+ 39. Ng3 Qa8 40.
Qf7 Re8 41. Qe6 Qe4 42. Kh3 Qf4 43. Qg4 Qf7 44. Nf5 h5 45. Qg5 Qe6 46. Qxh5+
1-0

[Event "Lichtenrader Herbst 2007"]
[Site "?"]
[Date "2007.10.18"]
[Round "5.3"]
[White "Anibar, Ahmed"]
[Black "Korneev, Oleg"]
[Result "0-1"]
[WhiteElo "2195"]
[BlackElo "2587"]
[PlyCount "80"]
[EventDate "2007.??.??"]

1. e4 c5 2. Nf3 e6 3. c4 Nc6 4. Nc3 a6 5. Be2 Qc7 6. O-O Nd4 7. d3 Bd6 8. h3
Ne7 9. Be3 Nec6 10. a3 b6 11. b4 Nxf3+ 12. Bxf3 Be5 13. Qd2 d6 14. Rab1 O-O 15.
Rfc1 Rb8 16. Bd1 Bd4 17. Ne2 Bxe3 18. fxe3 Bb7 19. d4 Ne7 20. Bc2 Ng6 21. Bd3
Ba8 22. Qe1 Rbd8 23. Qg3 Qe7 24. bxc5 bxc5 25. Rb6 Qc7 26. Rbb1 Qa5 27. Rf1
Qxa3 28. Rbd1 cxd4 29. exd4 Qa5 30. h4 Qh5 31. Nf4 Qxh4 32. Qe3 Qg5 33. Ra1 e5
34. Nd5 Qxe3+ 35. Nxe3 exd4 36. Nf5 Ne5 37. Bb1 Nxc4 38. Rxa6 Nd2 39. Ne7+ Kh8
40. Rd1 Nxb1 0-1

[Event "Lichtenrader Herbst 2007"]
[Site "?"]
[Date "2007.10.18"]
[Round "5.4"]
[White "Hein, Carsten"]
[Black "Marcziter, Dmitrii"]
[Result "0-1"]
[WhiteElo "2133"]
[BlackElo "2249"]
[PlyCount "74"]
[EventDate "2007.??.??"]

1. e4 c5 2. Nf3 a6 3. c3 d5 4. exd5 Qxd5 5. d4 Nf6 6. Be2 Bg4 7. Be3 cxd4 8.
cxd4 e6 9. Nc3 Qd8 10. Qa4+ Nbd7 11. h3 Bh5 12. Qb3 b5 13. a3 Bd6 14. O-O O-O
15. Rfd1 Rc8 16. Kf1 Qc7 17. Rac1 Qb8 18. Ng5 Bxe2+ 19. Nxe2 h6 20. Nf3 Nd5 21.
Rxc8 Rxc8 22. Rc1 N7b6 23. Rxc8+ Qxc8 24. Bc1 Qc7 25. g3 Ne7 26. Qe3 Qb7 27.
Kg2 Nf5 28. Qd3 Be7 29. Nc3 Bf6 30. Ne2 Qd5 31. Qc3 Qe4 32. Qc5 Nc4 33. Neg1
Nxd4 34. Bf4 g5 35. b3 Nxb3 36. Qc8+ Kg7 37. Bb8 Nd4 0-1

[Event "Lichtenrader Herbst 2007"]
[Site "?"]
[Date "2007.10.18"]
[Round "5.5"]
[White "Meißner, Hans-Jürgen"]
[Black "Glantz, Robert"]
[Result "1-0"]
[WhiteElo "2221"]
[BlackElo "2018"]
[PlyCount "83"]
[EventDate "2007.??.??"]

1. d4 Nf6 2. Nf3 e6 3. c4 b6 4. g3 Bb7 5. Bg2 Be7 6. O-O O-O 7. Nc3 Ne4 8. Bd2
f5 9. d5 Bf6 10. Rc1 Na6 11. Ne1 Nac5 12. Qc2 Bxc3 13. Bxc3 exd5 14. b4 Ne6 15.
cxd5 Bxd5 16. Ba1 Qe7 17. Nd3 Rfc8 18. Rfd1 c6 19. a3 a5 20. Bb2 a4 21. Ne5 Rc7
22. Rd3 b5 23. Qd1 d6 24. Rxd5 cxd5 25. Nc6 Qd7 26. Qxd5 Rf8 27. Bxe4 fxe4 28.
Nd4 Rxc1+ 29. Bxc1 Re8 30. Be3 Kh8 31. Nxb5 Nc7 32. Nxc7 Qxc7 33. b5 h6 34. b6
Qd7 35. Kg2 Qg4 36. Qxd6 Qxe2 37. b7 Qf3+ 38. Kg1 Kh7 39. h4 Qe2 40. b8=Q Rxb8
41. Qxb8 Qd1+ 42. Kh2 1-0

[Event "Lichtenrader Herbst 2007"]
[Site "?"]
[Date "2007.10.18"]
[Round "5.6"]
[White "Rahls, Peter"]
[Black "Strehlow, Horst"]
[Result "1-0"]
[WhiteElo "2258"]
[BlackElo "2111"]
[PlyCount "67"]
[EventDate "2007.??.??"]

1. e4 e6 2. Nf3 d5 3. e5 c5 4. b4 b6 5. bxc5 bxc5 6. c4 d4 7. Bd3 Bb7 8. Qe2
Qd7 9. Be4 Nc6 10. d3 Be7 11. O-O f5 12. exf6 Nxf6 13. Nbd2 O-O 14. Rb1 Nxe4
15. Nxe4 Rae8 16. Bg5 Ba8 17. Rfe1 Qc7 18. Bxe7 Qxe7 19. Neg5 Nd8 20. Rb8 Bxf3
21. Nxf3 Nc6 22. Rb5 Rf5 23. Qe4 Qd7 24. g4 Rf6 25. Rxc5 e5 26. Ng5 Rg6 27. h4
Rf8 28. f3 Rf4 29. Qd5+ Qxd5 30. cxd5 Nb4 31. Rxe5 Nxd3 32. Rc8+ Rf8 33. Ree8
Rgf6 34. Nxh7 1-0